The United States Circa 1754 Quiz Stats

 Plays Quiz Updated Mar 6, 2019

Score 0/43 Timer 10:00
9 Plays Today
% Correct
Atlantic Ocean
88.3%
Mississippi River
86.7%
Lake Michigan
86.7%
Spanish Florida
86.6%
South Carolina
86.4%
North Carolina
86.2%
Virginia
86.2%
Georgia
86.1%
Rhode Island
85.8%
Lake Superior
85.8%
Pennsylvania
85.8%
New York
85.8%
New Orleans
85.4%
Massachusetts
85.4%
Maryland
85.3%
New York City
85.2%
Gulf of Mexico
85.2%
Delaware
85.1%
Lake Erie
84.8%
Boston
84.7%
New Jersey
84.6%
New Hampshire
84.5%
% Correct
Maine (part of Massachusetts)
83.5%
Connecticut
83.5%
Lake Huron
82.7%
Philadelphia
80.4%
Louisiana Territory
79.5%
Lake Ontario
79.1%
Appalachian Mountains
78.4%
Albany
76.8%
Charleston
75.8%
Ohio River
72.8%
Trenton
72%
Montreal
70.1%
Quebec
64.8%
St. Lawrence River
57.6%
Delaware River
55.8%
St. Augustine
48.7%
Canada
44.3%
Lake Okeechobee
34%
Williamsburg
28.1%
Acadia
17.3%
Fort Duquesne
16.7%

You're not logged in!

Compare scores with friends on all Sporcle quizzes.
OR
Log In

You Might Also Like...

Show Comments

Extras

Top Quizzes Today


Score Distribution

Your Account Isn't Verified!

In order to create a playlist on Sporcle, you need to verify the email address you used during registration. Go to your Sporcle Settings to finish the process.

Report this User

Report this user for behavior that violates our Community Guidelines.

Details: